Vlaggen van de Wereld als de Noordelijke landen - Statistieken

Algemene statistieken
  • Deze quiz is 22 keer genomen
  • De gemiddelde score is 104 van 196
Antwoordstatistieken
Foto Antwoord % Correct
Denemarken
100%
Finland
100%
IJsland
100%
Noorwegen
100%
Verenigde Staten
100%
Zweden
100%
Duitsland
93%
Canada
87%
Brazilië
80%
Frankrijk
80%
Ierland
80%
Mexico
80%
Spanje
80%
Verenigd Koninkrijk
80%
Argentinië
73%
Australië
73%
Azerbeidzjan
73%
België
73%
China
73%
Cyprus
73%
Egypte
73%
Griekenland
73%
India
73%
Irak
73%
Iran
73%
Italië
73%
Ivoorkust
73%
Japan
73%
Kazachstan
73%
Kosovo
73%
Luxemburg
73%
Mongolië
73%
Nederland
73%
Nieuw-Zeeland
73%
Noord-Korea
73%
Pakistan
73%
Portugal
73%
Zuid-Afrika
73%
Zuid-Korea
73%
Bangladesh
67%
Bhutan
67%
Colombia
67%
Ethiopië
67%
Nepal
67%
Niger
67%
Rusland
67%
Saoedi-Arabië
67%
Turkije
67%
Andorra
60%
Bulgarije
60%
Chili
60%
Democratische Republiek Congo
60%
Georgië
60%
Israël
60%
Jamaica
60%
Kenia
60%
Libanon
60%
Oeganda
60%
Panama
60%
Qatar
60%
San Marino
60%
Servië
60%
Somalië
60%
Sri Lanka
60%
Uruguay
60%
Vaticaanstad
60%
Venezuela
60%
Zwitserland
60%
Albanië
53%
Angola
53%
Armenië
53%
Bahrein
53%
Barbados
53%
Belize
53%
Bosnië en Herzegovina
53%
Cambodja
53%
Dominicaanse Republiek
53%
Fiji
53%
Haïti
53%
Hongarije
53%
Kaapverdië
53%
Kirgizië
53%
Kroatië
53%
Letland
53%
Liberia
53%
Malta
53%
Marokko
53%
Moldavië
53%
Myanmar
53%
Nicaragua
53%
Oekraïne
53%
Paraguay
53%
Peru
53%
Slowakije
53%
Syrië
53%
Tanzania
53%
Tunesië
53%
Turkmenistan
53%
Vietnam
53%
Benin
47%
Bolivia
47%
Botswana
47%
Centraal-Afrikaanse Republiek
47%
Ecuador
47%
Eritrea
47%
Eswatini
47%
Honduras
47%
Koeweit
47%
Laos
47%
Lesotho
47%
Libië
47%
Litouwen
47%
Malawi
47%
Monaco
47%
Mozambique
47%
Nigeria
47%
Oezbekistan
47%
Oman
47%
Papoea-Nieuw-Guinea
47%
Polen
47%
Republiek Congo
47%
Saint Vincent en de Grenadines
47%
Senegal
47%
Singapore
47%
Slovenië
47%
Suriname
47%
Taiwan
47%
Togo
47%
Tuvalu
47%
Verenigde Arabische Emiraten
47%
Afghanistan
40%
Antigua en Barbuda
40%
Belarus
40%
Burkina Faso
40%
Burundi
40%
Comoren
40%
Costa Rica
40%
Djibouti
40%
Dominica
40%
El Salvador
40%
Equatoriaal-Guinea
40%
Estland
40%
Filipijnen
40%
Gabon
40%
Gambia
40%
Ghana
40%
Guatemala
40%
Guinee
40%
Guinee-Bissau
40%
Jemen
40%
Jordanië
40%
Kameroen
40%
Kiribati
40%
Madagaskar
40%
Maldiven
40%
Maleisië
40%
Mali
40%
Marshalleilanden
40%
Micronesia
40%
Montenegro
40%
Namibië
40%
Nauru
40%
Noord-Macedonië
40%
Palau
40%
Roemenië
40%
Saint Kitts en Nevis
40%
Salomonseilanden
40%
Samoa
40%
Sao Tomé en Principe
40%
Sierra Leone
40%
Tadzjikistan
40%
Tonga
40%
Tsjaad
40%
Vanuatu
40%
Zambia
40%
Zimbabwe
40%
Algerije
33%
Brunei
33%
Grenada
33%
Mauritanië
33%
Oostenrijk
33%
Rwanda
33%
Soedan
33%
Trinidad en Tobago
33%
Tsjechië
33%
Indonesië
27%
Liechtenstein
27%
Seychellen
27%
Thailand
27%
Bahama's
20%
Cuba
20%
Saint Lucia
20%
Zuid-Soedan
20%
Guyana
13%
Mauritius
13%
Oost-Timor
13%
Geen overeenkomende quizzen gevonden
Scoreverdeling
Procent van Mensen met Elke Score
Percentiel versus Aantal Correcte Antwoorden
Uw Scoregeschiedenis
U heeft deze quiz nog niet genomen